00337 a2200121 450000100060000010000170000624500220002326000290004509000150007494200230008999900190011295200840013111935 aLipman, M.H. aPolitical science abBarnes & nobel booksc c9189d9189 aNUST-CAEcMc36032 c247008d247008 001040708NFICaCAEbCAEd2017-04-03l0pCAE49385r2017-04-05w2017-04-05yBK